|
|
|
|
| LEADER |
01022nam a2200277 i 4500 |
| 001 |
c000191725 |
| 003 |
CARM |
| 005 |
20021125001300.0 |
| 008 |
790302s1978 fr b 00010 fre |
| 015 |
|
|
|a F***
|
| 019 |
1 |
|
|a 1422507
|5 LACONCORD2021
|
| 020 |
|
|
|a 2040102442 :
|c 58.00F
|
| 035 |
|
|
|a (OCoLC)4805836
|5 LACONCORD2021
|
| 050 |
0 |
0 |
|a HF5549.5.J616
|b O77
|
| 100 |
1 |
|
|a Ortsman, Oscar.
|
| 245 |
1 |
0 |
|a Changer le travail :
|b les expériences, les méthodes, les conditions de l'expérimentation sociale /
|c Oscar Ortsman.
|
| 260 |
|
|
|a Paris :
|b Dunod,
|c c1978.
|
| 300 |
|
|
|a xvi, 275, [1] p. ;
|c 21 cm.
|
| 490 |
0 |
|
|a Dunod entreprise : 4, Gestion sociale
|
| 504 |
|
|
|a Bibliography: p. 263-[276]
|
| 650 |
|
0 |
|a Job enrichment.
|
| 650 |
|
0 |
|a Organizational change.
|
| 852 |
8 |
|
|b CARM
|h A2:AM01A0
|i B06315
|p 0288704
|f BK
|
| 082 |
0 |
4 |
|a 331.2
|
| 999 |
f |
f |
|i 5a7483e6-0545-5a66-9acc-c0d4d015eb60
|s e4339d8b-a822-533d-801f-f7ff0c88c648
|
| 952 |
f |
f |
|p Can circulate
|a CAVAL
|b CAVAL
|c CAVAL
|d CARM 1 Store
|e B06315
|f A2:AM01A0
|h Other scheme
|i book
|m 0288704
|